| 000 | 01389cam a2200385 a 4500 | ||
|---|---|---|---|
| 001 | 45892 | ||
| 005 | 20230410104016.0 | ||
| 008 | 990630s1999 sp b 000 0 spa | ||
| 010 | _a 99222214 | ||
| 035 | _a(OCoLC)ocm41944926 | ||
| 040 |
_aDLC _cDLC _dPL# _dOCL _dBAKER _dYDXCP |
||
| 019 | _a41051940 | ||
| 020 | _a8420639672 | ||
| 020 | _a9788420639673 | ||
| 035 |
_a(OCoLC)41944926 _z(OCoLC)41051940 |
||
| 050 | 1 | 4 |
_aCD 986.5 _bA329a 1999 |
| 100 | 1 |
_aAlberch i Fugueras, Ramon, _d1951- |
|
| 245 | 1 | 0 |
_a!Archívese! : _blos documentos del poder, el poder de los documentos / _cRamón Alberch Fugueras, José Ramón Cruz Mundet. |
| 260 |
_aMadrid : _bAlianza Editorial, _cc1999. |
||
| 300 |
_a203 p. ; _c18 cm. |
||
| 440 | 3 |
_aEl libro de bolsillo. _pCiencias sociales. _pComunicación ; _vCS 3950 |
|
| 504 | _aIncludes bibliographical references (p. 198-202). | ||
| 650 | 0 |
_aArchives _xAccess control. |
|
| 650 | 0 |
_aArchives _xSecurity measures. |
|
| 650 | 0 | _aOfficial secrets. | |
| 650 | 0 |
_aGovernment information _xAccess control. |
|
| 653 |
_aSecretos de Estado _aEspaña. |
||
| 700 | 1 | _aCruz Mundet, José Ramón. | |
| 938 |
_aPuvill Libros _bPUVL _n8420639672 _c$5.75 |
||
| 938 |
_aBaker & Taylor _bBKTY _c13.95 _d13.95 _i8420639672 _n0006563007 _sactive |
||
| 938 |
_aYBP Library Services _bYANK _n2647904 |
||
| 942 |
_2lcc _cbk |
||
| 946 | _amfcruz | ||
| 994 |
_aC0 _bDRFGD |
||
| 999 |
_c30202 _d30202 |
||